|
|
|
|
| LEADER |
00000cam a22000002c 4500 |
| 001 |
1093415800 |
| 003 |
DE-627 |
| 005 |
20220610111344.0 |
| 007 |
tu |
| 008 |
910301s1979 xx ||||| m 00| ||eng c |
| 035 |
|
|
|a (DE-627)1093415800
|
| 035 |
|
|
|a (DE-576)023415800
|
| 035 |
|
|
|a (DE-599)BSZ023415800
|
| 035 |
|
|
|a (OCoLC)311698729
|
| 040 |
|
|
|a DE-627
|b ger
|c DE-627
|e rakwb
|
| 041 |
|
|
|a eng
|
| 100 |
1 |
|
|a Holeman, Herbert P.
|4 aut
|
| 245 |
1 |
4 |
|a The use of Delphi methodology in assessing key attributes of urban crime
|c Herbert Pompelio Holeman
|
| 264 |
|
1 |
|a Ann Arbor, Mich.
|b Univ. Microfilms International
|c 1979
|
| 300 |
|
|
|a VIII, 120 S.
|
| 336 |
|
|
|a Text
|b txt
|2 rdacontent
|
| 337 |
|
|
|a ohne Hilfsmittel zu benutzen
|b n
|2 rdamedia
|
| 338 |
|
|
|a Band
|b nc
|2 rdacarrier
|
| 502 |
|
|
|a Zugl.: United States International Univ., Diss., 1978
|
| 583 |
1 |
|
|a Archivierung prüfen
|c 20200919
|f DE-640
|z 2
|2 pdager
|
| 655 |
|
7 |
|a Hochschulschrift
|0 (DE-588)4113937-9
|0 (DE-627)105825778
|0 (DE-576)209480580
|2 gnd-content
|
| 689 |
0 |
0 |
|d g
|0 (DE-588)4078704-7
|0 (DE-627)106076612
|0 (DE-576)209209682
|a USA
|2 gnd
|
| 689 |
0 |
1 |
|d s
|0 (DE-588)4033178-7
|0 (DE-627)10458503X
|0 (DE-576)209000511
|a Kriminalität
|2 gnd
|
| 689 |
0 |
2 |
|d s
|0 (DE-588)4330954-9
|0 (DE-627)133221555
|0 (DE-576)21131711X
|a Delphi-Technik
|2 gnd
|
| 689 |
0 |
|
|5 (DE-627)
|
| 951 |
|
|
|a BO
|
| ELC |
|
|
|b 1
|
| LOK |
|
|
|0 000 xxxxxcx a22 zn 4500
|
| LOK |
|
|
|0 001 2160299634
|
| LOK |
|
|
|0 003 DE-627
|
| LOK |
|
|
|0 004 1093415800
|
| LOK |
|
|
|0 005 20020606000000
|
| LOK |
|
|
|0 008 910301||||||||||||||||ger|||||||
|
| LOK |
|
|
|0 040
|a DE-21
|c DE-627
|d DE-21
|
| LOK |
|
|
|0 852
|a DE-21
|
| LOK |
|
|
|0 852 1
|c KB 10 A 1
|9 00
|
| LOK |
|
|
|0 866
|x Xerokopie
|
| LOK |
|
|
|0 935
|a krim
|
| LOK |
|
|
|0 936ln
|a k7.3.1.1
|
| LOK |
|
|
|0 939
|a 01-03-91
|b l01
|
| ORI |
|
|
|a SA-MARC-krimdoka001.raw
|
| SIG |
|
|
|a UB: KB 10 A 1
|